Tennismen par description. #1 - Statistiques

Statistiques générales
  • Ce quiz a été pris 79 fois
  • Le résultat moyen est 11 sur 15
Statistiques - réponses
Descriptions Tennismen % Correct
Je suis né en 1986 sur l'île de Majorque. Bien que droitier, je joue au tennis de la main gauche. mon physique musculeux et endurant m'a permis de briller sur toutes les surfaces. Je suis incontestablement le meilleur joueur de terre battue de tous les temps avec pas moins de 14 Roland Garros remportés entre 2005 et 2022. Je suis... Rafael Nadal
100%
Je suis sans contestation possible le joueur le plus élégant de l'histoire de mon sport. Je suis rentré sur le circuit dans une période plus que creuse, ce qui m'a permis de grimper rapidement à la première place du classement ATP. Je suis le détenteur du record de Wimbledon gagnés, 8. Joueur suisse charismatique, je suis... Roger Federer
100%
Je suis sans doute le meilleur joueur de tous les temps. Avec 24 Grands Chelems à mon actif, je suis le recordman de tournois du grand chelem remportés dans l'ère Open. Je suis un joueur serbe, très clivant, le plus jeune des membres du BIG 3. Je suis... Novak Djokovic
97%
Je suis un joueur faisant lever les foules. Avec ma vitesse impressionnante et mes coups variés, je domine sur toutes les surfaces. A seulement 22 ans, je totalise déjà les 4 majeurs... Je suis un joueur espagnol, actuellement n°1 mondial, je suis... Carlos Alcaraz
94%
Ayant survécu à un attentat dans mon école à l'âge de 8 ans, perpétré par mon voisin, mon mental a été forgé par la suite. Joueur écossais, je suis très agaçant car râleur hors pair. Néanmoins, je suis le joueur ayant donner le plus de fil à tordre au Big 3. Je suis... Andy Murray
93%
Je partage la vedette actuelle avec mon compère ci-dessus. Bien que moins populaire, mon efficacité et ma puissance me permettent de d'épuiser mes adversaires. Je suis originaire d'un pays qui n'a pas le tennis dans les veines car le foot ou encore les sports d'hiver triomphent davantage. Italien, je suis... Jannik Sinner
90%
Je suis le Kid de Las Vegas. Au début de ma carrière, j'ai énormément complexé sur ma calvitie ce qui m'a valu de porter des perruques pendant les tournois. Or, par la suite, j'ai surmonté cela et mon crane chauve a fait renommée. J'ai remporté tous les tournois du Grand Chelem durant ma longue carrière. Je suis... André Agassi
82%
Je suis également un joueur ayant réussi à renverser la hiérarchie tennistique dans les années 2010. Remarquable par mon splendide revers à une main, j'ai cependant eu des résultats tardifs sur le circuit... Joueur suisse attachant, je suis... Stanislas Wawrinka
82%
Je suis un joueur hyper discret sur le terrain, cachant mes émotions à n'importe quel moment. Je suis un joueur charismatique ayant pris ma retraite très jeune car n'ayant plus un réel intérêt pour ce sport, que j'ai dominé au tournant des années 1980. Je suis un joueur suédois ayant permis à mon pays de me placer sur la planète tennis. J'ai néanmoins tenté un retour mais peu convaincant contrairement à ce que j'ai réalisé par le passé. Je suis... Bjorn Borg
76%
Avant le joueur au-dessus, c'était moi le maître des lieux de Wimbledon. Avec un service volé légendaire, j'étais également le détenteur du record de grands chelems remportés avant l'avènement du BIG 3. J'ai malheureusement décliné avant l'âge de 30 ans. Je suis... Pete Sampras
68%
Joueur gaucher, très sanguin, j'étais plus qu'admiratif du joueur de la question 2. Il n'y avait que contre ce dieu blond que j'arrivais à me canaliser et à jouer mon meilleur tennis. Wimbledon était mon terrain de prédilection. Mon frère Patrick a également joué à un niveau correct. Je suis.. John McEnroe
58%
Joueur afro-américain. Comme d'autres afro-américains, j'ai porté la cause noire sur mon domaine de prédilection, le tennis. Le cour central de l'US Open porte désormais mon nom. Je suis décédé du VIH en 1993, je suis... Arthur Ashe
51%
Premier immense légende de l'ère moderne, le cour central de l'Open d'Australie porte mon nom. En 1969, j'ai remporté les 4 grands chelems, faisant de moi le seul vainqueur calendaire... Joueur gaucher australien, je suis... Rod Laver
51%
Joueur tchèque charismatique, j'ai globalement dominé la décennie 1980. Après plusieurs échecs en finale de Grand Chelem, j'ai mis fin à ma malédiction en 1984 à Roland Garros face à John McEnroe. On peut également dire que j'ai placé le jeu sur un plan plus physique, là où la technique triomphait par le passé. Je suis... Ivan Lendl
50%
Je suis un joueur suédois ayant remporté Roland Garros en 1982, à l'âge de 17 ans. Mon année 1988 a été sans doute la mieux réussie avec 3 grands chelems décrochés. Cependant, je n'ai jamais été bon sur gazon. J'étais un joueur très précoce ce qui m'a valu une fin de carrière plus rapide que le reste de circuit... Je suis... Mats Wilander
35%
Aucun quiz correspondant
Distribution des résultats
% des personnes avec chaque résultat
Percentile par nombre de réponses
Votre historique - résultats
Vous n’avez pas pris ce quiz